Buddha : (Record no. 146796)

MARC details
000 -LEADER
fixed length control field 00587nam a22001817a 4500
005 - DATE AND TIME OF LATEST TRANSACTION
control field 20181221122522.0
010 ## - LCCN (DPL NO)
LC control number ENG-121038
020 ## - INTERNATIONAL STANDARD BOOK NUMBER
Terms of availability 575.00
International Standard Book Number 9788121513173
035 ## - SYSTEM CONTROL NUMBER
System control number EN-104570
037 ## - SOURCE OF ACQUISITION
Source of stock number/acquisition DBAD/PUB
082 ## - DEWEY DECIMAL CLASSIFICATION NUMBER
Classification number 250.33
100 ## - MAIN ENTRY--PERSONAL NAME
Personal name Oldenberg, Hermann
245 ## - TITLE STATEMENT
Title Buddha :
Remainder of title his life, his doctrine, his order /
Statement of responsibility, etc by Hermann Oldenberg ; translated by Willian Hoey
260 ## - PUBLICATION, DISTRIBUTION, ETC. (IMPRINT)
Place of publication, distribution, etc New Delhi
Name of publisher, distributor, etc Munshiram Manoharlal
Date of publication, distribution, etc 2017
270 ## - ADDRESS
Address PO Box 5715, 54 Rani Jhansi Road
City New Delhi
Postal code 110055
300 ## - PHYSICAL DESCRIPTION
Extent 454p.
Dimensions 22cm(pbk)
942 ## - ADDED ENTRY ELEMENTS (KOHA)
Source of classification or shelving scheme Dewey Decimal Classification
Item type English Books
Classification part 250.33
Call number suffix OLD
Holdings
Withdrawn status Lost status Not for loan Collection code Home library Current library Date acquired Source of acquisition Cost, normal purchase price Full call number Barcode Copy number Cost, replacement price Koha item type
    Not For Loan Non-fiction D.B.Act.Division Bawana 24/10/2017 DBAD/PUB 575.00 250.33 OLD EN-104570 1 575.00 English Books

© Delhi Public Library
Hit Counter
free hit counter